[Event "AUTO-OPEN-945"]
[Site "http://www.queenalice.com/game.php?id=324894"]
[Date "2007.12.23"]
[Round "1"]
[White "alib2004"]
[Black "maddevil"]
[Result "0-1"]
[WhiteElo "1780"]
[BlackElo "1598"]

1. e4 b6 2. f4 Bb7 3. d3 d5 4. Nc3 e6 5. Nf3 Nc6 6. Bd2 g6 7. e5 Nh6 8. Be2 Bg7
9. Be3 O-O 10. O-O Ng4 11. Bd2 d4 12. Ne4 h5 13. h3 Nh6 14. Nfg5 Ne7 15. Bf3 a5
16. Nf6+ Bxf6 0-1

[Event "AUTO-OPEN-945"]
[Site "http://www.queenalice.com/game.php?id=324895"]
[Date "2007.12.23"]
[Round "1"]
[White "maddevil"]
[Black "ttapada"]
[Result "1-0"]
[WhiteElo "1650"]
[BlackElo "1030"]

1. d4 d5 2. Bf4 e6 3. a3 b6 4. Nc3 Nf6 5. Nf3 Nc6 6. Nb5 Nh5 7. Nxc7+ Ke7 8.
Nxa8 Bb7 9. Nc7 Nxf4 10. e3 Qxc7 11. Bb5 Qd6 12. exf4 Qxf4 13. O-O Kd8 14. c3
Bd6 15. b4 a6 16. Bxc6 Bxc6 17. a4 b5 18. a5 f5 19. g3 Qh6 20. Qe2 g5 21. Qd2 f4
22. g4 Qg7 23. Rae1 1-0

[Event "AUTO-OPEN-945"]
[Site "http://www.queenalice.com/game.php?id=324896"]
[Date "2007.12.23"]
[Round "1"]
[White "ttapada"]
[Black "maddevil"]
[Result "0-1"]
[WhiteElo "1030"]
[BlackElo "1648"]

1. e4 e5 2. d3 Bc5 3. g3 Nf6 4. Nc3 c6 5. Nf3 Ng4 6. Na4 Nxf2 7. Ke2 Nxd1 8.
Kxd1 Qe7 9. Bg5 f6 10. Bh4 g5 11. Bxg5 fxg5 12. Nxc5 Qxc5 13. Nxg5 h6 14. Nf3 d6
15. c4 Bg4 16. Be2 Bxf3 17. Bxf3 Qd4 18. Be2 Qxb2 19. Rc1 O-O 20. Rf1 Rxf1+ 21.
Bxf1 Qxa2 0-1

[Event "Challenge"]
[Site "http://www.queenalice.com/game.php?id=343446"]
[Date "2008.1.26"]
[Round "-"]
[White "maddevil"]
[Black "Sabaak_No_Gaara"]
[Result "0-1"]
[WhiteElo "1619"]
[BlackElo "1894"]

1. e4 c5 2. Bc4 Nc6 3. Qf3 Nf6 4. d3 Nd4 5. Qd1 d6 6. h3 g6 7. Nf3 Bg7 8. Nxd4
cxd4 9. Bg5 a6 10. c3 b5 11. Bb3 dxc3 12. Nxc3 Bb7 13. f3 O-O 14. Qd2 Rc8 15.
Bh6 b4 16. Ne2 a5 17. O-O Qd7 18. Rac1 Rxc1 19. Rxc1 e6 20. g4 a4 21. Bc2 Rc8
22. b3 Qd8 23. bxa4 Qb6+ 24. Kg2 Nd7 25. Bb3 Nc5 26. Bxg7 Kxg7 27. Kg3 e5 28.
Rc4 Na6 29. Rxc8 Bxc8 30. Qg5 Nc5 31. Bc4 f6 32. Qe3 Bb7 33. Bb5 Nxe4+ 34. dxe4
Qxe3 35. a5 Bxe4 0-1

[Event "ERYCA"]
[Site "http://www.queenalice.com/game.php?id=355245"]
[Date "2008.2.16"]
[Round "2"]
[White "theblackfox"]
[Black "maddevil"]
[Result "0-1"]
[WhiteElo "1668"]
[BlackElo "1582"]

1. e4 e5 2. Nf3 d6 3. Nc3 a6 4. d4 Bg4 5. h3 Bxf3 6. Qxf3 Nf6 7. Bg5 Be7 8.
O-O-O h6 9. dxe5 hxg5 10. exf6 gxf6 11. Nd5 Nc6 12. g4 Rh6 13. Qf5 Na7 14. Bc4
Nc6 15. f4 b5 16. Bb3 a5 17. fxg5 fxg5 18. Rdf1 Ne5 19. Nxc7+ Qxc7 20. Bxf7+ Kd8
21. Bd5 Rc8 22. Be6 Qxc2# 0-1

[Event "Challenge"]
[Site "http://www.queenalice.com/game.php?id=361230"]
[Date "2008.2.26"]
[Round "-"]
[White "maddevil"]
[Black "camilleetgeorges"]
[Result "0-1"]
[WhiteElo "1582"]
[BlackElo "1501"]

1. d4 d5 2. Bf4 e6 3. a3 Nf6 4. Nc3 a6 5. Nf3 Nbd7 6. e3 c5 7. dxc5 Bxc5 8. b4
Be7 9. Be2 O-O 10. O-O b5 11. h3 Bb7 12. Nd2 Nb6 13. Bf3 Bd6 14. Bg5 Be7 15. Qc1
Rc8 16. Ne2 Nc4 17. Nb3 Ba8 18. Ned4 Nd6 19. c3 e5 20. Ne2 d4 21. Bxa8 Rxa8 22.
cxd4 exd4 23. Nbxd4 Rc8 24. Qd1 Nde4 25. Bf4 Nc3 26. Qd2 Nxe2+ 27. Qxe2 Nd5 28.
Bh2 Bf6 29. Nb3 Bxa1 30. Rxa1 Nf6 31. Nc5 Qb6 32. g4 Rfe8 33. g5 Ne4 34. Nd7 Qb7
35. Rd1 Nc3 36. Qd2 Nxd1 37. Qxd1 Rcd8 38. Nf6+ gxf6 39. Qa1 fxg5 40. Qf6 Rd1#
0-1

[Event "AUTO-OPEN-752"]
[Site "http://www.queenalice.com/game.php?id=371224"]
[Date "2008.3.14"]
[Round "2"]
[White "roqqk"]
[Black "maddevil"]
[Result "1-0"]
[WhiteElo "1622"]
[BlackElo "1635"]

1. e4 e5 2. Nf3 d6 3. Nc3 Nf6 4. g3 g6 5. Nd5 Bg7 6. Bc4 Nxe4 7. d3 Nxf2 8. Kxf2
O-O 9. h4 c6 10. Nb4 Bg4 11. d4 e4 12. d5 Bxf3 13. Qg1 Bxh1 14. Qxh1 c5 15. Qxe4
cxb4 16. a3 Re8 17. Qf4 Qe7 18. axb4 Qe2+ 19. Kg1 Qxc2 20. Be3 Na6 21. Rf1 Rf8
22. Qxd6 Qxc4 23. Qd7 Nxb4 24. Qxb7 Nxd5 25. Rxf7 Nxe3 26. Rxg7+ 1-0

[Event "AUTO-OPEN-752"]
[Site "http://www.queenalice.com/game.php?id=371225"]
[Date "2008.3.14"]
[Round "2"]
[White "maddevil"]
[Black "roqqk"]
[Result "1-0"]
[WhiteElo "1618"]
[BlackElo "1667"]

1. e4 e5 2. Bc4 Bc5 3. Nf3 d6 4. Ng5 Qxg5 5. Qf3 Nh6 6. h4 Qf4 7. Qxf4 exf4 8.
d3 Ng4 9. O-O O-O 10. Bxf4 Nc6 11. c3 Be6 12. Bd5 Bxd5 13. exd5 Ne7 14. c4 Bd4
15. Nd2 Bxb2 16. Rab1 Bc3 17. Ne4 c6 18. Rxb7 cxd5 19. Nxc3 dxc4 20. Rxe7 Nf6
21. Bxd6 cxd3 22. f3 Rac8 23. Bb4 Rfd8 24. Rxa7 d2 25. Nd1 Nd5 26. Bxd2 Nb6 27.
Ba5 Rb8 28. Ne3 Rd2 29. Bxd2 h6 30. Rb1 g5 31. hxg5 hxg5 32. Ba5 Re8 33. Bxb6
Kg7 34. Nf5+ 1-0

[Event "AUTO-OPEN-752"]
[Site "http://www.queenalice.com/game.php?id=371230"]
[Date "2008.3.14"]
[Round "2"]
[White "maddevil"]
[Black "darkjedi"]
[Result "1-0"]
[WhiteElo "1724"]
[BlackElo "1833"]

1. e4 c5 2. Bc4 e6 3. Nf3 Nc6 4. d3 d6 5. Nc3 Nf6 6. Bg5 Be7 7. Qd2 O-O 8. a3 a6
9. O-O b5 10. Bb3 Nd4 11. Nxd4 cxd4 12. Ne2 e5 13. h3 Bb7 14. c3 dxc3 15. Nxc3
Rc8 16. a4 b4 17. Ne2 a5 18. Qe3 Ba6 19. Qg3 Kh8 20. h4 Nxe4 21. dxe4 Bxe2 22.
Rfe1 Ba6 23. Rac1 Bxg5 24. hxg5 Rxc1 25. Rxc1 Qd7 26. f3 f5 27. Qh3 Bc8 28. g6
h6 29. Qh5 fxe4 30. fxe4 Bb7 31. Rf1 Rxf1+ 32. Kxf1 Bxe4 33. Qh4 Bxg6 34. Kg1 d5
35. Qe1 e4 36. Qe3 d4 37. Qf4 d3 38. Qf8+ Kh7 39. Qg8# 1-0

[Event "AUTO-OPEN-752"]
[Site "http://www.queenalice.com/game.php?id=371231"]
[Date "2008.3.14"]
[Round "2"]
[White "darkjedi"]
[Black "maddevil"]
[Result "0-1"]
[WhiteElo "1666"]
[BlackElo "1744"]

1. c4 Nf6 2. Nc3 g6 3. b3 Bg7 4. Bb2 c5 5. g3 a6 6. Bg2 Nc6 7. e3 d6 8. Nge2 O-O
9. d4 Na5 10. O-O Ra7 11. Nd5 Nxd5 12. Bxd5 b6 13. Bc3 Nb7 14. Qd2 e6 15. Bg2 a5
16. Rac1 Bh6 17. Rfd1 cxd4 18. Nxd4 Bd7 19. Nc6 Bxc6 20. Bxc6 Qc7 21. Bxb7 Rxb7
22. Qxd6 Qxd6 23. Rxd6 Rbb8 24. Bf6 Rfe8 25. Rcd1 Bg7 26. Bxg7 Kxg7 27. Rd7 h5
28. Kf1 Kh6 29. Rxf7 e5 30. Rdd7 Rh8 31. Rd6 Rh7 32. Rff6 Rg7 33. Rxb6 Rd8 34.
Rbd6 Re8 35. Ra6 Rgg8 36. Rxa5 Re7 37. c5 Rc8 38. c6 Rec7 39. Ra6 Kg7 40. Re6
Kh7 41. b4 Rb8 42. a3 Kg7 43. Rxe5 Kf6 44. Rd5 Ke6 0-1

[Event "Let's?"]
[Site "http://www.queenalice.com/game.php?id=375142"]
[Date "2008.3.22"]
[Round "-"]
[White "maddevil"]
[Black "Natan"]
[Result "1-0"]
[WhiteElo "1636"]
[BlackElo "1414"]

1. e4 e5 2. Bc4 Nf6 3. d3 Bc5 4. h3 b6 5. Nf3 Bb7 6. Ng5 Nc6 7. Nxf7 Qe7 8. Nxh8
Nd4 9. c3 Nc6 10. Bg5 Qf8 11. Nf7 h6 12. Bxf6 gxf6 13. Qh5 d6 14. Nxd6+ 1-0

[Event "ERYCA"]
[Site "http://www.queenalice.com/game.php?id=383186"]
[Date "2008.4.6"]
[Round "3"]
[White "maddevil"]
[Black "Lord_Lelis"]
[Result "0-1"]
[WhiteElo "1679"]
[BlackElo "1824"]

1. e4 e5 2. Bc4 Nf6 3. Nf3 c6 4. Nxe5 d5 5. exd5 Qe7 6. d4 Nxd5 7. O-O Qf6 8.
Nc3 h5 9. Nxd5 cxd5 10. Bxd5 Nc6 11. Bxf7+ Kd8 12. Nxc6+ bxc6 13. Bb3 Qg6 14. g3
Bh3 15. Re1 Be7 16. Qe2 Re8 17. Qe4 Bb4 18. Qxe8+ Qxe8 19. Rxe8+ Kxe8 20. Be3
Rd8 21. c3 Bd6 22. Re1 Kd7 23. Bg5 Rf8 24. f4 c5 25. d5 Kc7 26. Be7 Rb8 27.
Bxd6+ Kxd6 28. c4 a5 29. Re2 Rb4 30. Re3 a4 31. Bd1 Rxc4 32. Ra3 Rc1 33. Rd3 Bg4
34. Kf2 Rxd1 35. Re3 Rd2+ 36. Ke1 Rxb2 37. Re5 Rxh2 38. Rg5 Rxa2 39. Rxg7 Kxd5
40. Rd7+ Ke4 41. Re7+ Kf3 42. Rc7 Ke3 43. Rxc5 Ra1+ 44. Rc1 Rxc1# 0-1

[Event "AUTO-OPEN-689"]
[Site "http://www.queenalice.com/game.php?id=402051"]
[Date "2008.5.12"]
[Round "2"]
[White "maddevil"]
[Black "erig1969"]
[Result "0-1"]
[WhiteElo "1749"]
[BlackElo "1944"]

1. e4 c6 2. d4 d6 3. Nc3 g6 4. Nf3 Bg4 5. h3 Bxf3 6. Qxf3 Bg7 7. Be3 Nd7 8. Bc4
e6 9. d5 Bxc3+ 10. bxc3 cxd5 11. exd5 e5 12. O-O a6 13. a4 Qf6 14. Qe4 b6 15.
Rab1 Nc5 16. Qg4 Rb8 17. Bxc5 dxc5 18. Rfe1 Nh6 19. Qe4 a5 20. Qxe5+ Qxe5 21.
Rxe5+ Kd7 22. Bb5+ Kd6 23. Rbe1 Nf5 24. Bc6 Rbc8 25. c4 Nd4 26. c3 Nxc6 27. R5e4
Nb8 28. f4 Nd7 29. g4 Nf6 30. Re7 Rhf8 31. g5 Nh5 32. R7e4 Ng3 33. R4e3 Nf5 34.
Re5 Nh4 35. R5e3 Nf5 36. Re5 Ng7 37. R5e3 Rce8 38. Rxe8 Rxe8 39. Rd1 Nf5 40. Kf2
Re3 41. Kg2 Rxc3 42. Re1 Rxc4 43. Kf3 Ne7 44. Rd1 Rxa4 45. Kg4 Nf5 46. Rd3 c4
47. Rc3 Kxd5 48. Rc1 Ne3+ 49. Kf3 Ra3 50. Re1 Nc2+ 51. Kf2 Nxe1 52. Kxe1 c3 53.
Kd1 Kd4 54. Kc2 b5 55. h4 Ke3 56. f5 b4 57. fxg6 fxg6 58. h5 Ra2+ 59. Kb3 Rb2+
0-1

[Event "AUTO-OPEN-689"]
[Site "http://www.queenalice.com/game.php?id=402052"]
[Date "2008.5.12"]
[Round "2"]
[White "erig1969"]
[Black "maddevil"]
[Result "1-0"]
[WhiteElo "1977"]
[BlackElo "1774"]

1. d4 d5 2. c4 e6 3. cxd5 exd5 4. g3 Nf6 5. Bg2 Be7 6. Nc3 Nc6 7. e3 h6 8. Nge2
Bg4 9. Qb3 Na5 10. Qb5+ Nc6 11. Nxd5 Nxd5 12. Qxd5 Qxd5 13. Bxd5 O-O 14. Bxc6
bxc6 15. Nc3 Rab8 16. O-O Bf3 17. b3 Bb4 18. Bb2 a6 19. Na4 Rb5 20. Nc3 Rd8 21.
Nxb5 cxb5 22. a3 Bd2 23. h4 h5 24. b4 Rd5 25. Kh2 f5 26. Ra2 c5 27. bxc5 Ba5 28.
Rc1 Bc7 29. Bc3 Kf7 30. a4 bxa4 31. Rxa4 Be2 32. Ba5 Bxa5 33. Rxa5 Kg6 34. Rb1
Kh7 35. Rb6 Kg8 36. Ra2 Bc4 37. Rab2 Kh7 38. Rd6 Rxd6 39. cxd6 Bb5 40. Rxb5 axb5
41. d7 Kg6 42. d8=Q b4 43. Qg5+ Kf7 44. Qxf5+ Kg8 45. d5 g6 46. Qxg6+ Kf8 47. d6
b3 48. d7 Ke7 49. Qe8+ Kd6 50. d8=Q+ Kc5 51. Qa5+ Kc4 52. Qe4# 1-0

[Event "ERYCA"]
[Site "http://www.queenalice.com/game.php?id=421927"]
[Date "2008.6.23"]
[Round "4"]
[White "umdoistresredondoredondo"]
[Black "maddevil"]
[Result "0-1"]
[WhiteElo "1777"]
[BlackElo "1757"]

1. e4 e5 2. Nf3 d6 3. Bc4 h6 4. c3 Nf6 5. Qb3 Qe7 6. O-O a6 7. Re1 Nc6 8. d4 Be6
9. Bxe6 Qxe6 10. Qxb7 Rd8 11. Qxc6+ Nd7 12. Qxc7 Be7 13. Nbd2 O-O 14. dxe5 dxe5
15. b3 Rc8 16. Qa5 Rxc3 17. Qxc3 Bf6 18. Nc4 Rc8 19. Bb2 Kh7 20. Rad1 Nb6 21.
Rd6 Rxc4 22. Rxe6 Rxc3 23. Rxb6 Rc2 24. Bxe5 Bxe5 25. Nxe5 f6 26. Nd7 Rxa2 27.
Rb7 Rd2 28. Nxf6+ Kg6 29. Ng4 Rd6 30. e5 Re6 0-1

[Event "ERYCA"]
[Site "http://www.queenalice.com/game.php?id=465848"]
[Date "2008.9.20"]
[Round "5"]
[White "maddevil"]
[Black "Tlaloc2k"]
[Result "1/2-1/2"]
[WhiteElo "1751"]
[BlackElo "1708"]

1. e4 e5 2. Bc4 Nc6 3. Nf3 h6 4. a3 Nf6 5. d3 g5 6. g4 Bc5 7. h3 d6 8. c3 Bd7 9.
b4 Bb6 10. a4 a6 11. a5 Ba7 12. Qb3 Qe7 13. Na3 O-O 14. b5 axb5 15. Nxb5 Be6 16.
Bxe6 fxe6 17. Bxg5 hxg5 18. Nxg5 Nd5 19. Nxe6 Qxe6 20. Nxc7 Qf7 21. Rh2 Bxf2+
22. Ke2 Qxc7 23. Qxd5+ Qf7 24. Qxd6 Qf3+ 25. Kd2 Qe3+ 26. Kc2 Qe2+ 27. Kb3 Nxa5+
28. Kb4 Nc6+ 29. Kc4 Rxa1 30. Qg6+ Kh8 31. Qh6+ Kg8 32. Qg6+ 1/2-1/2

[Event "saraquette 3"]
[Site "http://www.queenalice.com/game.php?id=491213"]
[Date "2008.11.10"]
[Round "1"]
[White "maddevil"]
[Black "Ninja"]
[Result "0-1"]
[WhiteElo "1766"]
[BlackElo "1797"]

1. e4 e5 2. Bc4 Nf6 3. d3 d5 4. exd5 Nxd5 5. a3 Nc6 6. Bd2 Bc5 7. Nc3 Qf6 8. Nf3
Nxc3 9. bxc3 Bg4 10. h3 Bh5 11. Bg5 Qd6 12. O-O f6 13. Bd2 O-O-O 14. Qe2 g5 15.
Qe4 Bg6 16. Qg4+ Kb8 17. Bb3 h5 18. Qc4 g4 19. Nh2 gxh3 20. gxh3 e4 21. d4 Bb6
0-1